000
00319nam a22000977a 4500
005
20250901165604.0
008
231213b |||||||| |||| 00| 0 eng d
050
_a
HM22.N48 1973
245
_a
AMERICAN PLURALISM:A STUDY OF MINORITY GROUPS AND SOCIAL THEORY
_c
Newman, William M.
942
_2
lcc
_h
HM22.N48 1973
999
_c
6310
_d
6310